LIBRARY & INFORMATION CENTRE, KCAET, TAVANUR

ONLINE PUBLIC ACCESS CATALOGUE (OPAC)

Hydrological approach for conservation and management of water for sustainable rice production in kole lands of Thrissur / (Record no. 19423)

MARC details
000 -LEADER
fixed length control field 00475nam a2200145 4500
003 - CONTROL NUMBER IDENTIFIER
control field OSt
082 ## - DEWEY DECIMAL CLASSIFICATION NUMBER
Classification number 631.75807
Item number CHE/HY
088 ## - REPORT NUMBER
Report number T 637
100 ## - MAIN ENTRY--AUTHOR NAME
Personal name Chetahan B. J
245 ## - TITLE STATEMENT
Title Hydrological approach for conservation and management of water for sustainable rice production in kole lands of Thrissur /
260 ## - PUBLICATION, DISTRIBUTION, ETC. (IMPRINT)
Place of publication Tavanur :
Name of publisher Department of Soil and Water Conservation Engineering,
Year of publication 2025
300 ## - PHYSICAL DESCRIPTION
Number of Pages 254p.
700 ## - ADDED ENTRY--PERSONAL NAME
Personal name Shyla Joseph, (Guide)
942 ## - ADDED ENTRY ELEMENTS (KOHA)
Koha item type Theses
Holdings
Collection code Home library Current library Full call number Accession Number Koha item type Public note
Reference KAUAET KAUAET 631.75807 CHE/HY T 637 Theses PhD Thesis
free website counter